| 000 | 00368nam a2200145 a 4500 | ||
|---|---|---|---|
| 005 | 20140412111247.0 | ||
| 008 | 110407s19uu xx 00 eng d | ||
| 020 | _a0-7214-1043-x | ||
| 050 |
_aER _bSl1 1997 |
||
| 100 | _aUllstein, Sue | ||
| 245 |
_aThe Sly fox and red Hen / _cSue Ullstein. |
||
| 260 |
_aUSA : _bLadybird, _c1997. |
||
| 300 | _a51p. | ||
| 999 |
_c102996 _d102996 |
||